000 00759nam a22001937a 4500
003 BD-DhUL
005 20180724115738.0
008 160531s1987 ii ||||| |||| 00| 0 ben d
040 _aBD-DhUL
_cBD-DhUL
082 _a891.443
_bSAS
100 1 _aশাস্ত্রী, শিবনাথ।
245 1 _aশিবনাথ উপন্যাস সমগ্র :
_bথণ্ড ১ /
_cসম্পাদক, বারিদবরণ ঘোষ।
260 _aকলিকাতা :
_bসাহিত্যলোক,
_c১৯৭৯।
300 _a খ. ;
_c২২ সেমি.
650 4 _aবাংলা উপন্যাস
650 4 _2Bengali fiction
700 1 _aঘোষ, বারিদবরণ
_eসম্পা.
942 _2ddc
_cBK
999 _c116366
_d116366